<?xml version="1.0" encoding="UTF-8"?><?xml-stylesheet type="text/xsl" href="static/style.xsl"?><OAI-PMH xmlns="http://www.openarchives.org/OAI/2.0/" xmlns:xsi="http://www.w3.org/2001/XMLSchema-instance" xsi:schemaLocation="http://www.openarchives.org/OAI/2.0/ http://www.openarchives.org/OAI/2.0/OAI-PMH.xsd"><responseDate>2026-04-13T00:10:20Z</responseDate><request verb="GetRecord" identifier="oai:www.recercat.cat:2445/172119" metadataPrefix="marc">https://recercat.cat/oai/request</request><GetRecord><record><header><identifier>oai:recercat.cat:2445/172119</identifier><datestamp>2025-12-06T01:55:57Z</datestamp><setSpec>com_2072_1057</setSpec><setSpec>col_2072_478809</setSpec><setSpec>col_2072_478917</setSpec></header><metadata><record xmlns="http://www.loc.gov/MARC21/slim" xmlns:dcterms="http://purl.org/dc/terms/" xmlns:xsi="http://www.w3.org/2001/XMLSchema-instance" xmlns:doc="http://www.lyncode.com/xoai" xsi:schemaLocation="http://www.loc.gov/MARC21/slim http://www.loc.gov/standards/marcxml/schema/MARC21slim.xsd">
   <leader>00925njm 22002777a 4500</leader>
   <datafield ind2=" " ind1=" " tag="042">
      <subfield code="a">dc</subfield>
   </datafield>
   <datafield ind2=" " ind1=" " tag="720">
      <subfield code="a">Fernández Gutiérrez, Marcos</subfield>
      <subfield code="e">author</subfield>
   </datafield>
   <datafield ind2=" " ind1=" " tag="720">
      <subfield code="a">Giménez Esteban, Gregorio</subfield>
      <subfield code="e">author</subfield>
   </datafield>
   <datafield ind2=" " ind1=" " tag="720">
      <subfield code="a">Calero, Jorge, 1963-</subfield>
      <subfield code="e">author</subfield>
   </datafield>
   <datafield ind2=" " ind1=" " tag="260">
      <subfield code="c">2020-11-16T23:29:42Z</subfield>
   </datafield>
   <datafield ind2=" " ind1=" " tag="260">
      <subfield code="c">2023-11-30T06:10:23Z</subfield>
   </datafield>
   <datafield ind2=" " ind1=" " tag="260">
      <subfield code="c">2020-11</subfield>
   </datafield>
   <datafield ind2=" " ind1=" " tag="260">
      <subfield code="c">2020-11-16T23:29:43Z</subfield>
   </datafield>
   <datafield ind2=" " ind1=" " tag="520">
      <subfield code="a">The impact of ICT on educational achievements is a controversial issue which has attracted increasing attention from both policy makers and researchers. Policy makers have shown great enthusiasm over the positive impact of ICT on teaching and learning, investing substantially in this area. However, scientific evidence does not clearly support this effort. This paper analyses the impact of the use of ICT at school on students' outcomes in compulsory secondary education in maths, reading and science. It uses data from three rounds of PISA (2009, 2012, 2015) for Spanish regions (Autonomous Communities). From this, the paper analyses whether, in those Autonomous Communities which have taken greater steps in increasing the use of ICT at school, educational outcomes have improved more than in the others. This analysis takes advantage of the availability of representative samples for Spanish Autonomous Communities in PISA, together with autonomy and variability across them as regards the use of ICT at school. This makes it possible to capture the effect of the different policies adopted by Spanish Autonomous Communities on the use of ICT at school. The results show that an increase in the use of ICT at school in an Autonomous Community does not render positive effects on PISA scores in maths and reading, whilst we do find a positive effect on PISA scores in science. These results suggest that the impact of ICT on educational outcomes depends on the subject and on the type of use of the technologies. As a result, policies oriented at increasing the educational use of ICT should require a careful evaluation, to identify in which fields, for which uses and for which methods of use, it may render a positive effect on educational outcomes.</subfield>
   </datafield>
   <datafield tag="653" ind2=" " ind1=" ">
      <subfield code="a">Tecnologia educativa</subfield>
   </datafield>
   <datafield tag="653" ind2=" " ind1=" ">
      <subfield code="a">Avaluació educativa</subfield>
   </datafield>
   <datafield tag="653" ind2=" " ind1=" ">
      <subfield code="a">Educació superior</subfield>
   </datafield>
   <datafield tag="653" ind2=" " ind1=" ">
      <subfield code="a">Comunitats autònomes</subfield>
   </datafield>
   <datafield tag="653" ind2=" " ind1=" ">
      <subfield code="a">Educational technology</subfield>
   </datafield>
   <datafield tag="653" ind2=" " ind1=" ">
      <subfield code="a">Educational evaluation</subfield>
   </datafield>
   <datafield tag="653" ind2=" " ind1=" ">
      <subfield code="a">Higher education</subfield>
   </datafield>
   <datafield tag="653" ind2=" " ind1=" ">
      <subfield code="a">Autonomous communities</subfield>
   </datafield>
   <datafield ind2="0" ind1="0" tag="245">
      <subfield code="a">Is the Use of ICT in Education Leading to Higher Student Outcomes? Analysis from the Spanish Autonomous Communities</subfield>
   </datafield>
</record></metadata></record></GetRecord></OAI-PMH>